Loading...
| Beliefs | 11 | 9.09 | 109% | 73% | 55% |
| British and Commonwealth History | 2 | 10.00 | 0% | 100% | 100% |
| Current Events | 2 | 10.00 | 0% | 100% | 100% |
| Fine Arts - Auditory | 6 | 11.67 | 200% | 33% | 100% |
| Fine Arts - Visual | 6 | 11.67 | 67% | 67% | 133% |
| History - American | 4 | 15.00 | 300% | 100% | 50% |
| History - European | 2 | 10.00 | 0% | 100% | 100% |
| History - World | 6 | 11.67 | 200% | 67% | 67% |
| Literature - American | 6 | 15.00 | 200% | 133% | 67% |
| Literature - British | 5 | 14.00 | 160% | 40% | 160% |
| Literature - European | 5 | 10.00 | 80% | 80% | 80% |
| Other Arts: Auditory | 3 | 16.67 | 133% | 133% | 133% |
| Other Arts: Visual | 3 | 16.67 | 267% | 133% | 67% |
| Other Science: Astronomy | 1 | 20.00 | 400% | 0% | 200% |
| Other Science: Computer Science | 1 | 10.00 | 0% | 200% | 0% |
| Other Science: Math | 2 | 10.00 | 0% | 200% | 0% |
| Philosophy | 5 | 12.00 | 160% | 40% | 120% |
| Science - Biology | 7 | 11.43 | 114% | 86% | 86% |
| Science - Chemistry | 4 | 7.50 | 100% | 100% | 0% |
| Science - Physics | 3 | 16.67 | 133% | 67% | 200% |
| Social Science | 5 | 16.00 | 240% | 160% | 40% |
| World and Other Literature | 6 | 13.33 | 67% | 67% | 167% |